[Event "25th European Teams"]
[Site "Batumi GEO"]
[Date "2025.10.05"]
[Round "1.11"]
[Board "2"]
[White "Maerevoet, Sim"]
[Black "Fressinet, Laurent"]
[Result "0-1"]
[WhiteTitle "IM"]
[BlackTitle "GM"]
[WhiteElo "2426"]
[BlackElo "2602"]
[WhiteTeam "Belgium"]
[BlackTeam "France"]
[WhiteFideId "241725"]
[BlackFideId "608742"]
[EventDate "2025.10.05"]

1. e4 c6 2. d4 d5 3. Nc3 dxe4 4. Nxe4 Nf6 5. Nxf6+ exf6 6. Bc4 Qe7+ 7. Qe2 Be6
8. Bxe6 Qxe6 9. Bf4 Na6 10. O-O-O O-O-O 11. Qxe6+ fxe6 12. Ne2 Nb4 13. c3 Nd5
14. c4 Ne7 15. h4 h5 16. Kc2 Nf5 17. g3 Rd7 18. Kc3 Be7 19. b4 Rhd8 20. Rd2 b6
21. Rhd1 Kb7 22. a4 a6 23. Rd3 b5 24. c5 bxa4 25. Ra1 g5 26. Be3 e5 27. Kc4 exd4
28. Nxd4 Nxd4 29. Rxd4 Rxd4+ 30. Bxd4 gxh4 31. gxh4 f5 32. Re1 Rd7 33. Re3 Bd8
34. Rf3 Rf7 35. Ra3 Rh7 36. Rh3 Re7 37. Rf3 Re4 38. Rxf5 a3 39. Rf7+ Bc7 0-1

[Event "25th European Teams"]
[Site "Batumi GEO"]
[Date "2025.10.05"]
[Round "1.11"]
[Board "3"]
[White "Laurent-Paoli, Pierre"]
[Black "Glek, Igor"]
[Result "1/2-1/2"]
[WhiteTitle "GM"]
[BlackTitle "GM"]
[WhiteElo "2570"]
[BlackElo "2432"]
[WhiteTeam "France"]
[BlackTeam "Belgium"]
[WhiteFideId "26017962"]
[BlackFideId "4100484"]
[EventDate "2025.10.05"]

1. d4 d5 2. c4 dxc4 3. Nf3 Nf6 4. e3 e6 5. Bxc4 c5 6. O-O Nc6 7. a3 cxd4 8. exd4
Be7 9. Nc3 O-O 10. Re1 a6 11. Ba2 Ra7 12. d5 exd5 13. Nxd5 b5 14. Be3 Rd7 15.
Nxe7+ Rxe7 16. Qxd8 Rxd8 17. Bc5 Rxe1+ 18. Rxe1 h6 19. h3 Re8 20. Rxe8+ Nxe8 21.
Bd5 Bd7 22. Nd4 Nxd4 23. Bxd4 Nd6 24. Kf1 Be6 25. Bc6 Bc4+ 26. Ke1 f5 27. Bc5
Ne4 28. Bb4 Kf7 29. f3 Nf6 30. Bb7 Nd5 31. Bd2 Nc7 32. g4 Bd5 33. Bxd5+ Nxd5 34.
Ke2 Ke6 35. Kf2 Ke5 36. gxf5 Kxf5 37. Kg3 h5 38. h4 Ke5 39. Kf2 Kd4 40. Ke2 Kc4
41. Bc1 g6 42. Bh6 a5 43. Bg7 Nf4+ 44. Kd2 Kb3 45. Be5 Nd5 46. Bd4 Kc4 47. Be5
Ne7 48. Bf6 Nf5 49. Ke2 a4 50. Kd2 Nd6 51. Kc2 Nc8 52. Kd2 Nb6 53. Kc2 Nd5 54.
Be5 Ne7 55. Bf6 Nc6 56. Kd2 Kd5 57. Ke3 Ke6 58. Bc3 Kf5 59. Be1 Ne5 60. Bc3 Nc6
61. Be1 1/2-1/2

[Event "25th European Teams"]
[Site "Batumi GEO"]
[Date "2025.10.05"]
[Round "1.11"]
[Board "4"]
[White "De Waele, Warre"]
[Black "Lagarde, Maxime"]
[Result "1/2-1/2"]
[WhiteTitle "FM"]
[BlackTitle "GM"]
[WhiteElo "2326"]
[BlackElo "2617"]
[WhiteTeam "Belgium"]
[BlackTeam "France"]
[WhiteFideId "241156"]
[BlackFideId "662399"]
[EventDate "2025.10.05"]

1. d4 Nf6 2. c4 e6 3. Nf3 b6 4. g3 Bb7 5. Bg2 Bb4+ 6. Bd2 Bxd2+ 7. Qxd2 O-O 8.
O-O d6 9. Qd3 Na6 10. Nc3 c5 11. Rfd1 Nb4 12. Qd2 Qe7 13. dxc5 dxc5 14. Qd6 Qxd6
15. Rxd6 Rfd8 16. Rad1 Rxd6 17. Rxd6 Nc6 18. Ne1 Na5 19. Bxb7 Nxb7 20. Rd2 Rd8
21. Rxd8+ Nxd8 22. Nd3 Nc6 23. Kg2 Ne8 24. e3 Nd6 25. b3 f6 26. f4 Kf7 27. Kf3
h5 28. h3 Ke7 29. g4 hxg4+ 30. hxg4 Nf7 31. Ne4 Nd6 32. Nc3 Nf7 1/2-1/2

[Event "25th European Teams"]
[Site "Batumi GEO"]
[Date "2025.10.05"]
[Round "1.12"]
[Board "1"]
[White "Keinanen, Toivo"]
[Black "Fedoseev, Vladimir3"]
[Result "0-1"]
[WhiteTitle "IM"]
[BlackTitle "GM"]
[WhiteElo "2503"]
[BlackElo "2720"]
[WhiteTeam "Finland"]
[BlackTeam "Slovenia"]
[WhiteFideId "509825"]
[BlackFideId "24130737"]
[EventDate "2025.10.05"]

1. d4 d5 2. c4 e6 3. Nf3 Nf6 4. g3 Bb4+ 5. Nbd2 dxc4 6. a3 Bxd2+ 7. Bxd2 Bd7 8.
e3 Bb5 9. a4 Ba6 10. Qc2 c5 11. Bxc4 cxd4 12. Nxd4 Bxc4 13. Qxc4 O-O 14. Bb4 Re8
15. O-O Nbd7 16. Rfd1 Rc8 17. Qb3 Ne4 18. Qd3 Nec5 19. Qe2 a6 20. a5 Qf6 21. Qf3
Qg6 22. Rac1 h5 23. Bxc5 Nxc5 24. b4 Ne4 25. Nb3 Rxc1 26. Rxc1 Rd8 27. Nc5 Ng5
28. Qg2 Qf5 29. f4 Rd2 30. Qf1 Nh3+ 31. Kh1 Nf2+ 32. Kg1 Qd5 33. Na4 Qh1# 0-1

[Event "25th European Teams"]
[Site "Batumi GEO"]
[Date "2025.10.05"]
[Round "1.12"]
[Board "2"]
[White "Demchenko, Anton"]
[Black "Sipila, Vilka"]
[Result "1/2-1/2"]
[WhiteTitle "GM"]
[BlackTitle "IM"]
[WhiteElo "2628"]
[BlackElo "2487"]
[WhiteTeam "Slovenia"]
[BlackTeam "Finland"]
[WhiteFideId "4160258"]
[BlackFideId "505455"]
[EventDate "2025.10.05"]

1. e4 e5 2. Nf3 Nc6 3. Bc4 Bc5 4. c3 Nf6 5. d3 d6 6. h3 a5 7. Nbd2 Ba7 8. Nf1
Be6 9. Bxe6 fxe6 10. Ng3 d5 11. O-O O-O 12. Be3 Bxe3 13. fxe3 dxe4 14. Nxe4 Nxe4
15. dxe4 Qxd1 16. Raxd1 Rad8 17. a4 h6 18. h4 Rd6 19. h5 Rfd8 20. Rde1 Rf8 21.
Rf2 Rfd8 22. Kf1 Rd1 23. Ke2 R1d6 24. Kf1 Rd1 25. g4 R8d7 26. Ke2 R1d6 27. Rg1
Nd8 28. Nxe5 Rd2+ 29. Kf3 Rxf2+ 30. Kxf2 Rd2+ 31. Kg3 Nf7 32. Nc4 Rd3 33. Kf3 b6
34. Ke2 Rd8 35. Rd1 Rc8 36. b4 axb4 37. cxb4 Kf8 38. a5 bxa5 39. bxa5 Ke7 40.
Rb1 Ra8 41. Kd3 Kd7 42. Rf1 Nd6 43. Nxd6 Kxd6 44. Ra1 Kc5 45. a6 Kb6 46. Rf1
Rxa6 47. Rf7 c5 48. Rxg7 Ra3+ 49. Kd2 Ra2+ 50. Kd1 Ra1+ 51. Kc2 Ra2+ 52. Kc1 Ra4
53. Rg6 Rxe4 54. Rxh6 Rxg4 55. Rxe6+ Kb5 56. h6 Rh4 57. Kd2 Kc4 58. Rd6 Rh2+ 59.
Kd1 Kb5 60. e4 c4 61. e5 Kc5 62. Kc1 Rh5 63. Rg6 Rxe5 64. h7 Re1+ 65. Kd2 Rh1
66. Rg7 Kd4 1/2-1/2

[Event "25th European Teams"]
[Site "Batumi GEO"]
[Date "2025.10.05"]
[Round "1.12"]
[Board "3"]
[White "Sklyarov, Dmitry V."]
[Black "Lavrencic, Matic"]
[Result "1/2-1/2"]
[WhiteTitle "IM"]
[BlackTitle "IM"]
[WhiteElo "2428"]
[BlackElo "2479"]
[WhiteTeam "Finland"]
[BlackTeam "Slovenia"]
[WhiteFideId "4157052"]
[BlackFideId "14637847"]
[EventDate "2025.10.05"]

1. Nf3 d5 2. g3 Nf6 3. Bg2 e6 4. O-O Be7 5. d3 O-O 6. Nbd2 c5 7. e4 Nc6 8. Re1
b5 9. exd5 Nxd5 10. Ne4 Rb8 11. Bg5 f6 12. Bd2 e5 13. a4 b4 14. Be3 f5 15. Neg5
h6 16. Nh3 f4 17. Bc1 Bg4 18. Kh1 fxg3 19. fxg3 Rxf3 20. Bxf3 Bxh3 21. Bg4 Bxg4
22. Qxg4 Qd6 23. Bd2 Nd4 24. Rac1 Nf6 25. Qh3 Qd5+ 26. Qg2 Nf3 27. Re2 Nxd2 28.
Rxd2 Qxg2+ 29. Kxg2 Nd5 30. Re1 Bf6 31. b3 Nc3 32. Rf2 Rd8 33. h4 Rd4 34. Kh3
Kf7 35. Rxe5 Rd5 36. Rxd5 Nxd5 37. Kg4 Ne7 38. Kf4 Ke6 39. Ke4 g6 40. g4 Bxh4
41. Rf8 Bf6 42. Ra8 Nc6 43. Rc8 Kd6 44. Rg8 Ne5 45. Ra8 Be7 46. Rxa7 Nc6 47. Rb7
h5 48. gxh5 gxh5 49. d4 cxd4 50. Rb5 h4 51. Rh5 Bd8 52. Rh6+ Kc5 53. Rh5+ 1/2-1/2

[Event "25th European Teams"]
[Site "Batumi GEO"]
[Date "2025.10.05"]
[Round "1.12"]
[Board "4"]
[White "Sebenik, Matej"]
[Black "Wartiovaara, Oliver"]
[Result "1-0"]
[WhiteTitle "GM"]
[BlackTitle "FM"]
[WhiteElo "2505"]
[BlackElo "2309"]
[WhiteTeam "Slovenia"]
[BlackTeam "Finland"]
[WhiteFideId "14602296"]
[BlackFideId "513024"]
[EventDate "2025.10.05"]

1. Nf3 c5 2. c4 Nf6 3. Nc3 d5 4. cxd5 Nxd5 5. g3 Nc6 6. Bg2 Nxc3 7. bxc3 e5 8.
O-O Be7 9. Rb1 O-O 10. d3 Qc7 11. Nd2 Rb8 12. Nc4 Be6 13. Qa4 Bd7 14. Ne3 b5 15.
Qc2 Bd6 16. Nd5 Qd8 17. f4 c4 18. dxc4 bxc4 19. Rxb8 Qxb8 20. f5 f6 21. Be3 e4
22. Qxe4 Re8 23. Qxc4 Kh8 24. Kh1 Ne5 25. Qh4 Bc6 26. Bd4 Nd7 27. Qh5 Be5 28.
Nf4 Qa8 29. Bxc6 Qxc6+ 30. Qf3 Qa6 31. Qd5 Nb6 32. Qf7 Qb5 33. Ne6 Rg8 34. Qh5
h6 35. Qf3 Nc4 36. Qd3 Qc6+ 37. Kg1 Qa4 38. Rb1 Qxa2 39. Rb7 a5 40. Kf2 a4 41.
Bc5 Na5 42. Rd7 Qc4 43. Bb4 Qxd3 44. exd3 Nc6 45. d4 Nxb4 46. cxb4 Bb8 47. Rd5
a3 48. Ra5 Bd6 49. Rxa3 Bxb4 50. Ra7 g6 51. Rb7 Bc3 52. Ke3 gxf5 53. Kf4 h5 54.
Kxf5 h4 55. g4 h3 56. d5 Be5 57. Rb3 Ra8 58. g5 Kg8 59. gxf6 Bxh2 60. Kg6 Ra7
61. Rc3 Bc7 62. f7+ 1-0

[Event "25th European Teams"]
[Site "Batumi GEO"]
[Date "2025.10.05"]
[Round "1.13"]
[Board "1"]
[White "Gumularz, Szymon"]
[Black "Stefansson, Vignir Vatnar"]
[Result "1-0"]
[WhiteTitle "GM"]
[BlackTitle "GM"]
[WhiteElo "2592"]
[BlackElo "2506"]
[WhiteTeam "Poland"]
[BlackTeam "Iceland"]
[WhiteFideId "1188062"]
[BlackFideId "2308649"]
[EventDate "2025.10.05"]

1. e4 e5 2. Nf3 Nf6 3. Nxe5 d6 4. Nf3 Nxe4 5. d4 d5 6. Bd3 Bf5 7. O-O Be7 8. c4
dxc4 9. Bxc4 O-O 10. Re1 Nd7 11. Nc3 Nxc3 12. bxc3 h6 13. Bf4 Bd6 14. Ne5 Nxe5
15. dxe5 Bc5 16. Qh5 Be6 17. Rad1 Qe7 18. Bd3 f5 19. exf6 Rxf6 20. Bg3 Bb6 21.
Bc4 Re8 22. Re4 Qf7 23. Qe2 Kh7 24. Bd3 Kg8 25. Bc4 Kh7 26. Qc2 Kh8 27. Rde1 Re7
28. Bh4 Rg6 29. Kh1 Re8 30. Qe2 Bxc4 31. Rxe8+ Kh7 32. Qe7 Qxe7 33. R8xe7 Bxa2
34. Bg3 Bd5 35. f3 a5 36. Bxc7 Bxc7 37. Rxc7 a4 38. c4 Bc6 39. h4 Kg8 40. Rc8+
Kf7 41. Rc7+ Kf8 42. Re5 Rf6 43. h5 Rf4 44. Ra5 Kg8 45. Kg1 Rf8 46. Kf2 Re8 47.
g3 Rd8 48. f4 Kh7 49. Ke3 Re8+ 50. Kd4 Re4+ 51. Kd3 Re8 52. Re5 1-0

[Event "25th European Teams"]
[Site "Batumi GEO"]
[Date "2025.10.05"]
[Round "1.13"]
[Board "2"]
[White "Ragnarsson, Dagur"]
[Black "Teclaf, Pawel"]
[Result "1/2-1/2"]
[WhiteTitle "IM"]
[BlackTitle "GM"]
[WhiteElo "2385"]
[BlackElo "2563"]
[WhiteTeam "Iceland"]
[BlackTeam "Poland"]
[WhiteFideId "2304058"]
[BlackFideId "1185934"]
[EventDate "2025.10.05"]

1. d4 Nf6 2. Nf3 b6 3. Bf4 Bb7 4. e3 g6 5. Be2 Bg7 6. h3 O-O 7. O-O d6 8. c3 Ne4
9. a4 c5 10. Nbd2 Nxd2 11. Qxd2 cxd4 12. exd4 Nd7 13. Bh6 Nf6 14. Bxg7 Kxg7 15.
a5 bxa5 16. c4 Bxf3 17. Bxf3 Rb8 18. Qxa5 Qxa5 19. Rxa5 Rfc8 20. Rxa7 Rxc4 21.
Rxe7 Rxb2 22. Ra1 Rb8 23. Raa7 Rf8 24. d5 Rc5 25. Re6 Nxd5 26. Rxd6 Rc7 27. Rxc7
Nxc7 28. Rd7 Ne8 29. g3 Nf6 30. Rc7 Rd8 1/2-1/2

[Event "25th European Teams"]
[Site "Batumi GEO"]
[Date "2025.10.05"]
[Round "1.13"]
[Board "3"]
[White "Kosakowski, Jakub"]
[Black "Stefansson, Hannes"]
[Result "1/2-1/2"]
[WhiteTitle "GM"]
[BlackTitle "GM"]
[WhiteElo "2550"]
[BlackElo "2408"]
[WhiteTeam "Poland"]
[BlackTeam "Iceland"]
[WhiteFideId "1185080"]
[BlackFideId "2300087"]
[EventDate "2025.10.05"]

1. e4 e5 2. Nf3 Nc6 3. Bc4 Nf6 4. d3 Be7 5. O-O O-O 6. a4 a5 7. Re1 d6 8. Nc3 h6
9. h3 Re8 10. Be3 Bf8 11. d4 exd4 12. Nxd4 Nb4 13. Bb3 c6 14. Qe2 Qe7 15. Bf4 d5
16. exd5 Qxe2 17. Rxe2 Rxe2 18. Ndxe2 Nfxd5 19. Nxd5 Nxd5 20. Bg3 Bf5 21. Nd4
Bg6 22. c3 Nf6 23. Nf3 Nd7 24. Bc4 Nb6 25. Bb3 Nd7 26. Bc4 Nb6 27. Bb3 1/2-1/2

[Event "25th European Teams"]
[Site "Batumi GEO"]
[Date "2025.10.05"]
[Round "1.13"]
[Board "4"]
[White "Domalchuk-Jonasson, Aleksandr"]
[Black "Malek, Jan"]
[Result "1/2-1/2"]
[WhiteTitle "IM"]
[BlackTitle "GM"]
[WhiteElo "2373"]
[BlackElo "2508"]
[WhiteTeam "Iceland"]
[BlackTeam "Poland"]
[WhiteFideId "14142805"]
[BlackFideId "21864080"]
[EventDate "2025.10.05"]

1. d4 Nf6 2. c4 e6 3. g3 d5 4. Bg2 Be7 5. Nf3 O-O 6. O-O dxc4 7. Qc2 b6 8. Bg5
Nd5 9. Bxe7 Qxe7 10. Nbd2 b5 11. b3 c3 12. Ne4 b4 13. a3 Nc6 14. axb4 Ncxb4 15.
Qc1 Ba6 16. Re1 c2 17. Nc5 Bb5 18. Qd2 a5 19. Rec1 c6 20. Ne1 e5 21. e4 Nf6 22.
Nxc2 Nxc2 23. Rxc2 Rfd8 24. d5 cxd5 25. exd5 e4 26. Rxa5 Rxa5 27. Qxa5 e3 28.
fxe3 Qxe3+ 29. Kh1 Qe8 30. Rc1 Nxd5 31. Nb7 Ra8 32. Qd2 Qe3 33. Qxe3 Nxe3 34.
Bf3 Rb8 35. Nd6 Bd7 36. Rc3 Nf5 37. Nxf5 Bxf5 38. Bd5 Rd8 39. Bf3 1/2-1/2

[Event "25th European Teams"]
[Site "Batumi GEO"]
[Date "2025.10.05"]
[Round "1.14"]
[Board "1"]
[White "Sousa, Andre Ventura"]
[Black "Navara, David"]
[Result "1/2-1/2"]
[WhiteTitle "IM"]
[BlackTitle "GM"]
[WhiteElo "2433"]
[BlackElo "2656"]
[WhiteTeam "Portugal"]
[BlackTeam "Czech Republic"]
[WhiteFideId "1917617"]
[BlackFideId "309095"]
[EventDate "2025.10.05"]

1. e4 c5 2. Nf3 d6 3. Bb5+ Nd7 4. d4 cxd4 5. Nxd4 Nf6 6. O-O a6 7. Bd3 Nc5 8.
Nc3 e6 9. a4 Be7 10. a5 O-O 11. Be3 Bd7 12. h3 Rc8 13. Qf3 Re8 14. Rfd1 Nxd3 15.
cxd3 Qc7 16. Rdc1 Qb8 17. g4 Bc6 18. g5 Nd7 19. h4 d5 20. exd5 Ne5 21. Qg3 exd5
22. Bf4 Bd6 23. Kf1 Nc4 24. Bxd6 Nxd6 25. h5 Rcd8 26. h6 Qc8 27. Re1 Nf5 28.
Nxf5 Qxf5 29. d4 f6 30. gxf6 Qxf6 31. Qxg7+ Qxg7 32. hxg7 Kxg7 33. Kg2 h5 34. f4
Rxe1 35. Rxe1 Kf6 36. Rh1 Kg6 37. Kf3 Rh8 38. Nd1 Bd7 39. Ne3 h4 40. Rg1+ Kf7
41. Rh1 h3 42. Rh2 Kg6 43. Kg3 Be6 44. Rf2 Bf5 45. Nxd5 Rd8 46. Ne7+ Kf6 47.
Nxf5 Kxf5 48. Kxh3 Rxd4 49. Kg3 Ra4 50. Rf3 Rxa5 51. Rb3 b5 52. Rc3 b4 53. Rc4
Rb5 54. Kf3 a5 1/2-1/2

[Event "25th European Teams"]
[Site "Batumi GEO"]
[Date "2025.10.05"]
[Round "1.14"]
[Board "2"]
[White "Finek, Vaclav"]
[Black "Barria, Jose"]
[Result "1-0"]
[WhiteTitle "IM"]
[BlackTitle "FM"]
[WhiteElo "2518"]
[BlackElo "2376"]
[WhiteTeam "Czech Republic"]
[BlackTeam "Portugal"]
[WhiteFideId "23718293"]
[BlackFideId "1939300"]
[EventDate "2025.10.05"]

1. c4 Nf6 2. Nf3 g6 3. g3 Bg7 4. Bg2 O-O 5. O-O d6 6. Nc3 Nc6 7. Rb1 a5 8. a3 e5
9. d3 h6 10. b4 axb4 11. axb4 Be6 12. b5 Ne7 13. Bb2 Nd7 14. Ra1 c6 15. Rxa8
Qxa8 16. Qc2 d5 17. Ra1 Qb8 18. Nd2 Nb6 19. Ba3 Qc7 20. Rb1 Nbc8 21. b6 Qd8 22.
cxd5 cxd5 23. Nb3 Qxb6 24. Nc5 Qc6 25. Rxb7 Nf5 26. e4 Nd4 27. Qb2 Rd8 28. exd5
Bxd5 29. Nxd5 Rxd5 30. Qa2 1-0

[Event "25th European Teams"]
[Site "Batumi GEO"]
[Date "2025.10.05"]
[Round "1.14"]
[Board "3"]
[White "Martins, Bruno Andre Leite"]
[Black "Vykouk, Jan"]
[Result "1/2-1/2"]
[WhiteTitle "FM"]
[BlackTitle "IM"]
[WhiteElo "2363"]
[BlackElo "2516"]
[WhiteTeam "Portugal"]
[BlackTeam "Czech Republic"]
[WhiteFideId "1942255"]
[BlackFideId "349658"]
[EventDate "2025.10.05"]

1. e4 e5 2. Nf3 Nc6 3. Bb5 a6 4. Ba4 Nf6 5. O-O d6 6. Bxc6+ bxc6 7. Re1 Be7 8.
d4 exd4 9. Nxd4 Bd7 10. c4 O-O 11. Nc3 Re8 12. Qf3 Qc8 13. h3 c5 14. Nde2 Bc6
15. Ng3 Qe6 16. b3 Nd7 17. Bd2 Bf6 18. Rad1 Ne5 19. Qe2 Ng6 20. Nd5 Bxd5 21.
exd5 Qxe2 22. Rxe2 Rxe2 23. Nxe2 Kf8 24. Ba5 Ke7 25. Kf1 Kd7 26. Rd3 Re8 27. Bc3
Bxc3 28. Rxc3 c6 29. dxc6+ Kxc6 30. Rg3 f5 31. Nc3 f4 32. Rf3 Nh4 33. Rd3 Nf5
34. Ne2 g5 35. g3 fxg3 36. fxg3 Ne3+ 37. Kf2 Nc2 38. Rd2 Rf8+ 39. Kg1 Ne3 40. g4
Rf1+ 41. Kh2 Rf6 42. Ng3 Rf3 43. Re2 d5 44. cxd5+ Kxd5 45. Rd2+ Ke5 46. Re2 Kd5
47. Rd2+ Kc6 48. Re2 Nd5 49. Ne4 h6 50. Rc2 Nb4 51. Rxc5+ Kb6 52. a4 Rxb3 53.
a5+ Ka7 54. Rc7+ Kb8 55. Rh7 Rb2+ 56. Kg3 Rb3+ 57. Kh2 Rb2+ 58. Kg1 Ra2 59. Rxh6
Kc7 60. Rb6 Ra1+ 61. Kh2 Ra2+ 62. Kh1 Ra1+ 63. Kg2 Ra2+ 64. Kf1 Ra1+ 65. Ke2 Nd5
66. Rxa6 Nf4+ 67. Ke3 Nxh3 68. Kd4 Ra4+ 69. Ke5 Nf4 70. Nc3 Rb4 71. Kf5 Rc4 72.
Nb5+ Kd7 73. Ra7+ Kd8 74. Kxg5 Nh3+ 75. Kh4 Nf2 76. Rg7 Ra4 77. Nd6 Ra3 78. Rf7
Nxg4 79. Kxg4 Rxa5 80. Rh7 Rg5+ 81. Kf4 Rg1 82. Nc4 Re1 83. Kf5 Re7 84. Rh2 Kc7
85. Rc2 Kc6 86. Ne5+ Kb6 87. Ke4 Re8 88. Kd5 Rd8+ 89. Ke6 Rd1 90. Nc4+ Kb5 91.
Nd2 Rh1 92. Nf3 Kb4 93. Kd5 Rh5+ 94. Kd4 Kb5 95. Rb2+ Kc6 96. Ne5+ Kc7 97. Kd5
Rh1 98. Rc2+ Kb7 99. Rc3 Rd1+ 100. Nd3 Kb6 101. Kd6 Kb5 102. Rc5+ Kb6 103. Rc3
Kb5 104. Kc7 Rh1 105. Rc5+ Ka4 106. Ne5 Kb4 107. Kb6 Rh7 108. Nc6+ Kb3 109. Ka5
Rh4 110. Kb5 Rh8 111. Nd4+ Kb2 112. Rc2+ Ka3 113. Rc7 Kb2 114. Kc4 Kc1 115. Kd3+
Kd1 116. Ra7 Rh3+ 117. Kc4 Rh8 118. Ra2 Ke1 119. Kd3 Rd8 120. Rb2 1/2-1/2

[Event "25th European Teams"]
[Site "Batumi GEO"]
[Date "2025.10.05"]
[Round "1.14"]
[Board "4"]
[White "Stalmach, Richard"]
[Black "Ribeiro, Gustavo"]
[Result "1-0"]
[WhiteTitle "IM"]
[BlackTitle "FM"]
[WhiteElo "2410"]
[BlackElo "2245"]
[WhiteTeam "Czech Republic"]
[BlackTeam "Portugal"]
[WhiteFideId "372048"]
[BlackFideId "1941852"]
[EventDate "2025.10.05"]

1. d4 Nf6 2. c4 e6 3. g3 d5 4. Bg2 Bd6 5. Nf3 O-O 6. Qc2 Nc6 7. c5 Be7 8. a3 e5
9. dxe5 Ne4 10. b4 a5 11. b5 Na7 12. Nbd2 Nxb5 13. a4 Na7 14. Nxe4 dxe4 15. Qxe4
Bxc5 16. O-O h6 17. Bb2 Nc6 18. Rac1 Qe7 19. e3 Re8 20. Rfd1 Ra6 21. Nd4 Bd7 22.
Nb5 Bb6 23. Bf1 Raa8 24. h4 f5 25. Qf4 Be6 26. Bd3 Qf7 27. Bd4 Nxd4 28. exd4
Rad8 29. Rc3 Qh5 30. Rdc1 g5 31. Qe3 gxh4 32. Rxc7 Bxc7 33. Nxc7 Kh8 34. Nxe8
Rxe8 35. Be2 Qg6 36. Rc7 hxg3 37. fxg3 Bd5 38. Kh2 Qb6 39. Rd7 Bg8 40. Qf4 Bh7
41. Bb5 Qe6 42. d5 1-0

[Event "25th European Teams"]
[Site "Batumi GEO"]
[Date "2025.10.05"]
[Round "1.15"]
[Board "1"]
[White "Deac, Bogdan-Daniel"]
[Black "Kiladze, Luka"]
[Result "1/2-1/2"]
[WhiteTitle "GM"]
[BlackTitle "FM"]
[WhiteElo "2655"]
[BlackElo "2370"]
[WhiteTeam "Romania"]
[BlackTeam "Georgia 3"]
[WhiteFideId "1226380"]
[BlackFideId "13623389"]
[EventDate "2025.10.05"]

1. Nf3 d5 2. g3 Nf6 3. Bg2 e6 4. O-O Be7 5. d3 c5 6. a4 Nc6 7. Bf4 O-O 8. Na3 b6
9. e4 Bb7 10. Qe2 Re8 11. Rfe1 Rc8 12. e5 Nd7 13. h4 a6 14. c3 f6 15. Bh3 Nf8
16. Nc2 d4 17. cxd4 Nxd4 18. Ncxd4 cxd4 19. exf6 Bxf6 20. Bg5 Qd5 21. Bxf6 gxf6
22. Bg2 Nd7 23. Rec1 Rxc1+ 24. Rxc1 Ne5 25. Ne1 Qd7 26. f4 Nc6 27. Qg4+ Kh8 28.
Qh5 Rf8 29. Qe2 e5 30. Qf2 Kg7 31. fxe5 fxe5 32. Qd2 h6 33. Qe2 Re8 34. Qh5 Re7
35. Be4 Qd6 36. Qg4+ Kh8 37. Qf3 Rc7 38. Rc2 Nd8 39. Rxc7 Bxe4 40. Qxe4 Qxc7 41.
Qg6 Qc6 42. Qf5 Qd6 43. g4 Kg7 44. Nf3 Nf7 45. Kg2 Qc6 46. g5 hxg5 47. hxg5 Qg6
48. Qd7 a5 49. Kf2 Kf8 50. Qc7 Qe6 51. Qb7 Kg7 52. Qc7 Kf8 53. Qb8+ Kg7 54. Qb7
Qd6 55. Kf1 Qe6 56. Ke2 Qg4 57. Kf2 Qe6 58. b3 Kg6 59. Qb8 Kg7 60. Qa7 Kg6 61.
Qc7 Nxg5 62. Nxe5+ Kf5 63. Nc4 Nh3+ 64. Kf3 Ng5+ 65. Kf2 Nh3+ 66. Kg3 Qe1+ 67.
Kxh3 Qh1+ 68. Kg3 Qg1+ 69. Kf3 Qf1+ 70. Kg3 Qg1+ 71. Kf3 Qf1+ 1/2-1/2

[Event "25th European Teams"]
[Site "Batumi GEO"]
[Date "2025.10.05"]
[Round "1.15"]
[Board "2"]
[White "Nemsadze, Daviti"]
[Black "Lupulescu, Constantin"]
[Result "0-1"]
[WhiteTitle "FM"]
[BlackTitle "GM"]
[WhiteElo "2348"]
[BlackElo "2577"]
[WhiteTeam "Georgia 3"]
[BlackTeam "Romania"]
[WhiteFideId "13619250"]
[BlackFideId "1207822"]
[EventDate "2025.10.05"]

1. e4 c5 2. Nf3 Nc6 3. Bb5 g6 4. Bxc6 bxc6 5. O-O Bg7 6. Re1 Qc7 7. d3 e5 8. c3
Nf6 9. d4 cxd4 10. cxd4 exd4 11. Qxd4 O-O 12. e5 Nd5 13. Nc3 Nxc3 14. Qxc3 d5
15. Bg5 Bg4 16. Nd2 c5 17. Rac1 Rac8 18. b4 c4 19. Qd4 Be6 20. Nf3 c3 21. Bf6
Qb6 22. Be7 Rc4 23. Qd3 Rfc8 24. Ng5 Qd4 25. Qxd4 Rxd4 26. Bc5 Rc4 27. g3 Bf5
28. Red1 h6 29. Nf3 Be4 30. Ne1 Bxe5 31. Nc2 d4 32. Ne1 c2 33. Rd2 d3 0-1

[Event "25th European Teams"]
[Site "Batumi GEO"]
[Date "2025.10.05"]
[Round "1.15"]
[Board "3"]
[White "Gavrilescu, David"]
[Black "Qalichava, Akaki"]
[Result "1-0"]
[WhiteTitle "GM"]
[BlackTitle "FM"]
[WhiteElo "2535"]
[BlackElo "2333"]
[WhiteTeam "Romania"]
[BlackTeam "Georgia 3"]
[WhiteFideId "1227190"]
[BlackFideId "13615408"]
[EventDate "2025.10.05"]

1. e4 c5 2. Nf3 e6 3. d4 cxd4 4. Nxd4 Nc6 5. Nc3 Qc7 6. Be3 a6 7. a3 b5 8. Nxc6
Qxc6 9. h4 Bb7 10. h5 h6 11. Rh3 Nf6 12. e5 Ne4 13. Bd4 Bc5 14. Qd3 Rc8 15. Nxe4
Bxd4 16. Nd6+ Kf8 17. Qxd4 1-0

[Event "25th European Teams"]
[Site "Batumi GEO"]
[Date "2025.10.05"]
[Round "1.15"]
[Board "4"]
[White "Shamatava, Nikolozi"]
[Black "Magold, Filip"]
[Result "1/2-1/2"]
[WhiteTitle "FM"]
[BlackTitle "IM"]
[WhiteElo "2296"]
[BlackElo "2459"]
[WhiteTeam "Georgia 3"]
[BlackTeam "Romania"]
[WhiteFideId "13619950"]
[BlackFideId "1254456"]
[EventDate "2025.10.05"]

1. e4 c5 2. Nf3 d6 3. d4 cxd4 4. Nxd4 Nf6 5. Nc3 a6 6. Rg1 e5 7. Nb3 Be6 8. g4
d5 9. exd5 Nxd5 10. Nxd5 Qxd5 11. Be3 Nc6 12. Qxd5 Bxd5 13. O-O-O O-O-O 14. Bb6
Rd6 15. Rg3 Be6 16. Be2 Rxd1+ 17. Bxd1 Be7 18. Rc3 Bb4 19. Re3 Be7 20. Rc3 Bb4
21. Re3 Be7 1/2-1/2

[Event "25th European Teams"]
[Site "Batumi GEO"]
[Date "2025.10.05"]
[Round "1.16"]
[Board "1"]
[White "Nielsen, Hogni Egilstoft"]
[Black "Brkic, Ante"]
[Result "0-1"]
[WhiteTitle "IM"]
[BlackTitle "GM"]
[WhiteElo "2389"]
[BlackElo "2578"]
[WhiteTeam "Faroe Islands"]
[BlackTeam "Croatia"]
[WhiteFideId "7200404"]
[BlackFideId "14506688"]
[EventDate "2025.10.05"]

1. e4 c5 2. Nf3 d6 3. Bb5+ Nd7 4. O-O a6 5. Bd3 e6 6. c3 Ngf6 7. Bc2 b5 8. d4
Bb7 9. Nbd2 Be7 10. Re1 Qc7 11. Nf1 O-O 12. Ng3 a5 13. Qe2 Rfc8 14. Bd3 b4 15.
h3 Bf8 16. e5 Bxf3 17. gxf3 c4 18. Bc2 Nd5 19. f4 bxc3 20. bxc3 Nxc3 21. Qf3 Nd5
22. a3 Rab8 23. h4 Qa7 24. Rd1 a4 25. Ne4 Rb3 26. Qg4 h6 27. h5 Qb6 28. Bd2 Qxd4
29. Bc3 Qa7 30. Bd4 Qb7 31. exd6 f5 32. Qh4 fxe4 33. Bxe4 Qa6 34. Qg4 Qxd6 35.
Be5 Nxe5 36. fxe5 Qxe5 37. Bxd5 exd5 38. Qxc8 Rf3 39. Rab1 Qg5+ 40. Kf1 Qh4 41.
Qe6+ Kh8 42. Rb2 Qh1+ 43. Ke2 Qxh5 44. Ke1 Rf5 0-1